The Miracle of Positive Thinking (Record no. 4354)

MARC details
000 -LEADER
fixed length control field 00414nam a22001697a 4500
005 - DATE AND TIME OF LATEST TRANSACTION
control field 20160628093527.0
008 - FIXED-LENGTH DATA ELEMENTS--GENERAL INFORMATION
fixed length control field 160628b xxu||||| |||| 00| 0 eng d
020 ## - INTERNATIONAL STANDARD BOOK NUMBER
ISBN 978-81-7992-682-6
041 ## - LANGUAGE CODE
Language code of text/sound track or separate title eng
082 ## - DEWEY DECIMAL CLASSIFICATION NUMBER
Item number 10535
100 ## - MAIN ENTRY--AUTHOR NAME
Personal name Peale, Norman Unicent and others
245 ## - TITLE STATEMENT
Title The Miracle of Positive Thinking
260 ## - PUBLICATION, DISTRIBUTION, ETC. (IMPRINT)
Name of publisher Jaico
Year of publication 2010
300 ## - PHYSICAL DESCRIPTION
Number of Pages 186
650 ## - SUBJECT ADDED ENTRY--TOPICAL TERM
Topical Term Management
942 ## - ADDED ENTRY ELEMENTS (KOHA)
Koha item type Books
Holdings
Lost status Damaged status Home library Current library Shelving location Date acquired Cost, normal purchase price Full call number Accession Number Koha item type Collection code
    JRU Library   SHELF-102-I 28/06/2016 195.00 158.1 10535 Books  
    JRU Library     28/06/2016 195.00 10535 10536 Books  
    JRU Library JRU Library SHELF-102-I 28/06/2016 195.00 158.1 10537 Books LIFE SKILL